| 000 | 004950000a22001810004500 | ||
|---|---|---|---|
| 003 | LK-CoMWRAF | ||
| 005 | 20231120091933.0 | ||
| 008 | 230817t1985 ||||| |||| 00| 0 eng d | ||
| 040 |
_aLK-CoMWRAF _dLK-CoMWRAF _eLK-CoMWRAF |
||
| 041 | _aeng | ||
| 082 |
_a340.59 _bSHA |
||
| 245 | _aShariah and legal profession | ||
| 260 |
_aLahore: _bFerozsons, _c1985 |
||
| 300 |
_a xvi, 505 p. ; 25 cm. _bIndex included |
||
| 650 | _aISLAMIC LAW-Pakistan | ||
| 700 |
_aHaider, S.M. _ecomp. _eed. |
||
| 942 | _cBK | ||
| 999 |
_c1045 _d1045 |
||